[Event "SF Neuenkirchen 1 - Bahn-SC Wuppertal 1"]
[Site "NRW-Klasse, Gruppe 2 2014/201"]
[Date "2015.01.11"]
[Round "5.2"]
[White "Wilde, Pierre"]
[Black "Khanukov, Boris"]
[Result "1/2-1/2"]
[WhiteElo "2233"]
[BlackElo "2200"]
[PlyCount "89"]
[EventDate "2015.??.??"]
[WhiteTeam "SF Neuenkirchen 1"]
[BlackTeam "Bahn-SC Wuppertal 1"]

1. c4 Nf6 2. g3 c6 3. Nf3 d5 4. Qc2 Bg4 5. Ne5 Be6 6. Bg2 Nbd7 7. Nf3 Bg4 8. d4
e6 9. O-O Be7 10. b3 Bf5 11. Qd1 h6 12. Nc3 O-O 13. Bb2 a5 14. Nd2 Qb6 15. a3
Rfd8 16. c5 Qc7 17. b4 b6 18. Qc1 bxc5 19. bxc5 e5 20. Na4 Rab8 21. Re1 exd4
22. Bxd4 Nf8 23. Bf1 Ne6 24. e3 Nd7 25. Qc3 Nxd4 26. exd4 Bf6 27. Bd3 Bh3 28.
Bf1 Bxf1 29. Kxf1 Rb5 30. Rab1 Qb7 31. Kg2 Rb8 32. Qd3 Qc8 33. Nc3 Rxb1 34.
Rxb1 Rxb1 35. Ncxb1 Nf8 36. h3 Ne6 37. Nf3 Qb7 38. Nbd2 Qb2 39. Qa6 Nxd4 40.
Nxd4 Qxd4 41. Qxc6 Qxd2 42. Qc8+ Kh7 43. Qf5+ Kg8 44. Qc8+ Kh7 45. Qf5+ 1/2-1/2

[Event "SF Neuenkirchen 1 - Bahn-SC Wuppertal 1"]
[Site "NRW-Klasse, Gruppe 2 2014/201"]
[Date "2015.01.11"]
[Round "5.3"]
[White "Savchenko, Aleksij"]
[Black "Buendgen, Achim"]
[Result "1-0"]
[WhiteElo "2191"]
[BlackElo "2166"]
[PlyCount "103"]
[EventDate "2015.??.??"]
[WhiteTeam "Bahn-SC Wuppertal 1"]
[BlackTeam "SF Neuenkirchen 1"]

1. e4 e5 2. Nf3 Nc6 3. d4 exd4 4. Bc4 Nf6 5. e5 Ng4 6. Bxf7+ Kxf7 7. Ng5+ Kg8
8. Qxg4 h6 9. Nf3 d6 10. Qe4 dxe5 11. Nxe5 Nxe5 12. Qxe5 Qe7 13. Bf4 Bf5 14.
O-O Qxe5 15. Bxe5 c5 16. c3 d3 17. Nd2 Rh7 18. f4 g6 19. c4 Rd7 20. Rae1 Re8
21. h3 h5 22. Kf2 Kf7 23. Kf3 h4 24. Re3 a6 25. Rfe1 b5 26. b3 Re6 27. Bc3 Be7
28. Rxe6 Bxe6 29. Ke3 g5 30. Nf3 gxf4+ 31. Kxf4 Bf6 32. Bxf6 Kxf6 33. Nd2 Bf5
34. Re8 Rd4+ 35. Ke3 Rd7 36. Nf3 bxc4 37. bxc4 Be6 38. Nd2 Bf5 39. Rf8+ Kg6 40.
Re8 Kf6 41. Nf3 Be6 42. Rf8+ Bf7 43. Kd2 Kg7 44. Ne5 Kxf8 45. Nxd7+ Ke7 46. Ne5
Be6 47. Kxd3 Kf6 48. Ke4 Kg5 49. Nf3+ Kh5 50. Nd2 Bc8 51. Ke5 Bb7 52. Nf3 1-0

[Event "SF Neuenkirchen 1 - Bahn-SC Wuppertal 1"]
[Site "NRW-Klasse, Gruppe 2 2014/201"]
[Date "2015.01.11"]
[Round "5.4"]
[White "Haves, Reinhard"]
[Black "Tueckmantel, Rene"]
[Result "1/2-1/2"]
[WhiteElo "2124"]
[BlackElo "2107"]
[PlyCount "117"]
[EventDate "2015.??.??"]
[WhiteTeam "SF Neuenkirchen 1"]
[BlackTeam "Bahn-SC Wuppertal 1"]

1. d4 Nf6 2. Nf3 c5 3. d5 e6 4. Nc3 d6 5. e4 exd5 6. exd5 Be7 7. Bb5+ Nbd7 8.
a4 O-O 9. O-O a6 10. Be2 b6 11. Re1 Re8 12. Bc4 Nf8 13. h3 Ng6 14. Qd3 Nd7 15.
Qd1 Nde5 16. Be2 Nxf3+ 17. Bxf3 Bd7 18. Ne4 b5 19. axb5 Bxb5 20. Bd2 Ne5 21.
Bc3 Bf8 22. Be2 Ng6 23. Bd3 Qb6 24. Qg4 Bxd3 25. cxd3 Qb7 26. f4 Kh8 27. Qf5 f6
28. Nd2 Ne7 29. Rxe7 Qxe7 30. Ne4 Qf7 31. Rf1 Qg6 32. Qd7 Rxe4 33. dxe4 Qxe4
34. Qc6 Qe8 35. Qb7 Qb8 36. Qf7 Ra7 37. Qh5 Re7 38. Qf5 Qe8 39. Ra1 Re2 40.
Rxa6 Qe3+ 41. Kh2 Qf3 42. Qg4 Qxg4 43. hxg4 Re4 44. Kg3 Re3+ 45. Kf2 Rd3 46.
Ra1 Rxd5 47. Ke3 f5 48. gxf5 Rxf5 49. g4 Rf7 50. Ra8 Re7+ 51. Kf3 Kg8 52. Rd8
Ra7 53. Ke4 Kf7 54. g5 Be7 55. Rh8 Ra4+ 56. Kf3 d5 57. Be5 d4 58. Rxh7 Bf8 59.
f5 1/2-1/2

[Event "SF Neuenkirchen 1 - Bahn-SC Wuppertal 1"]
[Site "NRW-Klasse, Gruppe 2 2014/201"]
[Date "2015.01.11"]
[Round "5.5"]
[White "Werbeck, Torsten"]
[Black "Seegers, Hendrik"]
[Result "1/2-1/2"]
[WhiteElo "2098"]
[BlackElo "2131"]
[PlyCount "31"]
[EventDate "2015.??.??"]
[WhiteTeam "Bahn-SC Wuppertal 1"]
[BlackTeam "SF Neuenkirchen 1"]

1. d4 d5 2. Nf3 e6 3. c4 c6 4. e3 Bd6 5. g3 Nd7 6. Qc2 Ngf6 7. Bg2 O-O 8. O-O
b6 9. cxd5 cxd5 10. Qc6 Qc7 11. Qxc7 Bxc7 12. b3 Ba6 13. Re1 Bd6 14. Ba3 Bxa3
15. Nxa3 Rfc8 16. Rac1 1/2-1/2

[Event "SF Neuenkirchen 1 - Bahn-SC Wuppertal 1"]
[Site "NRW-Klasse, Gruppe 2 2014/201"]
[Date "2015.01.11"]
[Round "5.6"]
[White "Rieke, Theo"]
[Black "Bogorad, Michail"]
[Result "1/2-1/2"]
[WhiteElo "1938"]
[BlackElo "2020"]
[PlyCount "82"]
[EventDate "2015.??.??"]
[WhiteTeam "SF Neuenkirchen 1"]
[BlackTeam "Bahn-SC Wuppertal 1"]

1. Nf3 c5 2. e4 g6 3. d4 cxd4 4. Nxd4 Bg7 5. c4 Nc6 6. Be3 Nh6 7. Nc3 O-O 8.
Be2 d6 9. O-O f5 10. exf5 Nxf5 11. Nxf5 Bxf5 12. Qd2 Qa5 13. Rac1 Kh8 14. Rfd1
Rac8 15. b3 Rfd8 16. Bh6 Qe5 17. Bxg7+ Qxg7 18. Nd5 b6 19. Bd3 e5 20. Ne3 Nd4
21. Nc2 Ne6 22. Qe3 Nc5 23. Be2 Bxc2 24. Rxc2 Ne6 25. Bg4 Nd4 26. Bxc8 Nxc2 27.
Qe4 Nd4 28. Bg4 Rf8 29. g3 h5 30. Be2 Qf6 31. Qe3 Kg7 32. Rd2 h4 33. Bd1 hxg3
34. hxg3 Rh8 35. Bg4 g5 36. Qe4 Qh6 37. Rxd4 exd4 38. Qe7+ Kg6 39. Qe6+ Kg7 40.
Qe7+ Kg6 41. Qe6+ Kg7 1/2-1/2

[Event "SF Neuenkirchen 1 - Bahn-SC Wuppertal 1"]
[Site "NRW-Klasse, Gruppe 2 2014/201"]
[Date "2015.01.11"]
[Round "5.7"]
[White "Peters, Ortwin"]
[Black "Scho, Christian"]
[Result "1-0"]
[WhiteElo "1961"]
[BlackElo "2098"]
[Annotator "Hausrath,Daniel"]
[PlyCount "81"]
[EventDate "2015.??.??"]
[WhiteTeam "Bahn-SC Wuppertal 1"]
[BlackTeam "SF Neuenkirchen 1"]

1. c4 e5 2. Nc3 d6 3. Nf3 f5 4. d4 e4 5. Ng5 c6 6. Nh3 Nf6 7. Bg5 h6 8. Bxf6
Qxf6 9. e3 Be7 10. Be2 O-O 11. Qb3 g5 12. O-O-O Na6 13. Ng1 Nc7 14. f3 exf3 15.
gxf3 Kh8 16. Bd3 $11 Rb8 17. Nge2 b5 18. cxb5 cxb5 19. h4 g4 20. fxg4 fxg4 21.
Nf4 Be6 22. Qc2 Rfc8 23. Rdf1 b4 24. Ng6+ Qxg6 25. Bxg6 bxc3 26. b3 d5 27. Bf7
Ba3+ 28. Kd1 Bf8 29. Qg6 Bg7 30. Bxe6 Rb6 31. Rf6 c2+ 32. Kc1 Re8 33. Qf7 Rf8
34. Qxc7 Rxf6 35. Bxd5 Ra6 36. Qc8+ Bf8 37. a4 Rad6 38. e4 Rf2 39. Qxg4 Rxd5
40. Kb2 Rxd4 41. Rg1 1-0

[Event "SF Neuenkirchen 1 - Bahn-SC Wuppertal 1"]
[Site "NRW-Klasse, Gruppe 2 2014/201"]
[Date "2015.01.11"]
[Round "5.8"]
[White "Beckmann, Klaus"]
[Black "Bashilin, Roman"]
[Result "1/2-1/2"]
[WhiteElo "2079"]
[BlackElo "2211"]
[PlyCount "30"]
[EventDate "2015.??.??"]
[WhiteTeam "SF Neuenkirchen 1"]
[BlackTeam "Bahn-SC Wuppertal 1"]

1. e4 e6 2. b3 d5 3. Bb2 c5 4. exd5 exd5 5. Bb5+ Bd7 6. Qe2+ Qe7 7. Nc3 Nf6 8.
Bxd7+ Kxd7 9. Nf3 Nc6 10. O-O d4 11. Qd3 Kc7 12. Rfe1 Qd7 13. Nb5+ Kb6 14. a4
a5 15. Ba3 Nd5 1/2-1/2

[Event "Herforder SV Königsspringer 1 - DJK Auf"]
[Site "NRW-Klasse, Gruppe 2 2014/201"]
[Date "2015.01.11"]
[Round "5.1"]
[White "Roeder, Matthias"]
[Black "Nordsieck, Thomas"]
[Result "1/2-1/2"]
[WhiteElo "2405"]
[BlackElo "2276"]
[PlyCount "51"]
[EventDate "2015.??.??"]
[WhiteTeam "DJK Aufwärts Aachen 2"]
[BlackTeam "Herforder SV Königsspringer 1"]

1. Nf3 d5 2. c4 d4 3. g3 Nc6 4. Bg2 e5 5. d3 Nf6 6. O-O Be7 7. b4 Bxb4 8. Nxe5
Nxe5 9. Qa4+ Nc6 10. Bxc6+ bxc6 11. Qxb4 Qd6 12. Ba3 Qxb4 13. Bxb4 Bh3 14. Re1
Nd7 15. Nd2 O-O-O 16. Nf3 c5 17. Ba3 h6 18. Rab1 a6 19. Nd2 Rhe8 20. f3 Re6 21.
Kf2 Bf5 22. Nb3 Rc6 23. Na5 Rb6 24. Nb3 Rc6 25. Na5 Rb6 26. Nb3 1/2-1/2

[Event "Herforder SV Königsspringer 1 - DJK Auf"]
[Site "NRW-Klasse, Gruppe 2 2014/201"]
[Date "2015.01.11"]
[Round "5.2"]
[White "Loemker, Michael"]
[Black "Braun, Christian"]
[Result "0-1"]
[WhiteElo "2092"]
[BlackElo "2397"]
[Annotator "Hausrath,Daniel"]
[PlyCount "78"]
[EventDate "2015.??.??"]
[WhiteTeam "Herforder SV Königsspringer 1"]
[BlackTeam "DJK Aufwärts Aachen 2"]

1. d4 Nf6 2. c4 g6 3. Nc3 d5 4. Nf3 Bg7 5. Bf4 dxc4 6. e3 O-O 7. Bxc4 c5 8. h3
cxd4 9. exd4 Nc6 10. O-O Bf5 11. g4 Na5 12. Be2 Be6 13. Rc1 Rc8 14. Qa4 Nd5 15.
Bd2 Nc6 16. Rfd1 Nb6 17. Qa3 Nc4 18. Bxc4 Bxc4 19. Be3 Bd5 20. Ne5 e6 21. Nxd5
Qxd5 22. Nxc6 Rxc6 23. Rxc6 Qxc6 24. Rc1 Qf3 25. Qxa7 Qxh3 26. Qxb7 $11 Qxg4+
27. Qg2 Qe2 28. Rb1 Bxd4 29. Bxd4 Qd3 30. Qf1 Qxd4 31. Qd1 Qf6 32. b4 Rd8 33.
Qc1 Rd4 34. Qe3 Rg4+ 35. Kf1 Qh4 36. Qb3 Qh1+ 37. Ke2 Qe4+ 38. Kd2 Qd4+ 39. Ke2
Rf4 0-1

[Event "Herforder SV Königsspringer 1 - DJK Auf"]
[Site "NRW-Klasse, Gruppe 2 2014/201"]
[Date "2015.01.11"]
[Round "5.3"]
[White "Skulener, Wladimir"]
[Black "Quelle, Helmut"]
[Result "1-0"]
[WhiteElo "2282"]
[BlackElo "2070"]
[PlyCount "73"]
[EventDate "2015.??.??"]
[WhiteTeam "DJK Aufwärts Aachen 2"]
[BlackTeam "Herforder SV Königsspringer 1"]

1. d4 Nf6 2. c4 g6 3. Nc3 Bg7 4. e4 d6 5. f3 O-O 6. Be3 c5 7. Nge2 Nc6 8. d5
Ne5 9. Ng3 h5 10. Be2 a6 11. O-O e6 12. h3 h4 13. Nh1 exd5 14. cxd5 b5 15. Bg5
b4 16. Nb1 c4 17. Bxh4 Bd7 18. Nd2 Qe8 19. Rc1 Bb5 20. Nxc4 Nxc4 21. Bxc4 Nh5
22. Qd2 a5 23. Bxb5 Qxb5 24. g4 Bf6 25. Bf2 Ng7 26. Rc6 Qb8 27. Rfc1 Ne8 28.
Bg3 Kg7 29. Nf2 Ra7 30. Kg2 Rd7 31. Nd3 Qd8 32. Qf2 Rh8 33. Rc8 Qe7 34. h4 Nc7
35. Rxh8 Kxh8 36. Qb6 Bxh4 37. Bxh4 1-0

[Event "Herforder SV Königsspringer 1 - DJK Auf"]
[Site "NRW-Klasse, Gruppe 2 2014/201"]
[Date "2015.01.11"]
[Round "5.4"]
[White "Bentel, Robin"]
[Black "Buscher, Michael"]
[Result "0-1"]
[WhiteElo "2120"]
[BlackElo "2317"]
[PlyCount "132"]
[EventDate "2015.??.??"]
[WhiteTeam "Herforder SV Königsspringer 1"]
[BlackTeam "DJK Aufwärts Aachen 2"]

1. b3 e5 2. Bb2 d6 3. c4 Nc6 4. e3 Nf6 5. d3 g6 6. Nf3 Bg7 7. Be2 O-O 8. O-O
Re8 9. Nbd2 Bd7 10. a3 a5 11. Qc2 Qe7 12. Rfe1 h6 13. Nf1 e4 14. dxe4 Nxe4 15.
Bxg7 Kxg7 16. Ng3 Nxg3 17. Qc3+ Qf6 18. Qxf6+ Kxf6 19. hxg3 Re7 20. Red1 Bg4
21. Rac1 b6 22. Kf1 Rae8 23. Nd4 Nxd4 24. Rxd4 Bxe2+ 25. Kxe2 Re4 26. Rxe4 Rxe4
27. Kd3 Re5 28. b4 axb4 29. axb4 Rh5 30. Ra1 Ke6 31. Ra8 Rh2 32. Re8+ Kd7 33.
Rf8 Ke7 34. Rc8 Kd7 35. Rf8 Ke7 36. Rc8 c5 37. Rb8 cxb4 38. Rxb6 Rxg2 39. Ke2
Rg1 40. Rxb4 h5 41. Rb5 Rc1 42. Kd3 Ke6 43. Rb8 Rf1 44. Ke2 Ra1 45. Rb7 Ra2+
46. Kf3 Rc2 47. Rc7 g5 48. Rc8 h4 49. gxh4 gxh4 50. Rh8 Rxc4 51. e4 f5 52. Rxh4
Ke5 53. Rh8 fxe4+ 54. Ke3 Rc3+ 55. Kd2 Ra3 56. Rb8 d5 57. Ke2 Ra2+ 58. Ke1 Kd4
59. Rb3 Kc4 60. Re3 Rc2 61. Rh3 d4 62. Rh8 Kc3 63. Re8 Rc1+ 64. Ke2 d3+ 65. Ke3
Re1+ 66. Kf4 d2 0-1

[Event "Herforder SV Königsspringer 1 - DJK Auf"]
[Site "NRW-Klasse, Gruppe 2 2014/201"]
[Date "2015.01.11"]
[Round "5.5"]
[White "Marcziter, Dmitrii"]
[Black "Heuermann, Heinz-Burkhard"]
[Result "1-0"]
[WhiteElo "2179"]
[BlackElo "1967"]
[PlyCount "134"]
[EventDate "2015.??.??"]
[WhiteTeam "DJK Aufwärts Aachen 2"]
[BlackTeam "Herforder SV Königsspringer 1"]

1. d4 Nf6 2. c4 g6 3. Nf3 Bg7 4. g3 O-O 5. Bg2 d5 6. cxd5 Nxd5 7. O-O c6 8. e4
Nb6 9. h3 Na6 10. Nc3 h6 11. b3 Kh7 12. Be3 f5 13. exf5 Bxf5 14. g4 Be6 15. Ne4
Qd7 16. Ne5 Bxe5 17. dxe5 Qxd1 18. Rfxd1 Nd5 19. Rd2 Nxe3 20. fxe3 Rad8 21.
Rad1 Rxd2 22. Rxd2 Rc8 23. Bf1 Nc7 24. Nc5 b6 25. Nxe6 Nxe6 26. Bc4 Rd8 27. Rf2
Ng5 28. Kg2 b5 29. Bf1 Kg7 30. Rc2 Rd5 31. Rxc6 Rxe5 32. h4 Ne4 33. Bd3 Nd6 34.
Kf3 a5 35. a3 Rd5 36. Ke2 Re5 37. Ra6 b4 38. axb4 axb4 39. Rb6 g5 40. h5 Ra5
41. Rxb4 Ra2+ 42. Kf3 Rd2 43. Bg6 Rb2 44. Bd3 Rd2 45. Be2 Kf6 46. Rd4 Rb2 47.
Rb4 Nf7 48. Rb6+ e6 49. Ba6 Ne5+ 50. Kg3 Rb1 51. Bc8 Nd3 52. Rxe6+ Kf7 53. Rxh6
Nc5 54. Rb6 Ke7 55. b4 Ne4+ 56. Kf3 Nd6 57. Ba6 Rh1 58. Kg2 Re1 59. Kf2 Rh1 60.
Bd3 Rh2+ 61. Kg3 Rd2 62. Bf5 Nc4 63. Re6+ Kf7 64. h6 Re2 65. h7 Nxe3 66. h8=Q
Nf1+ 67. Kf3 Rxe6 1-0

[Event "Herforder SV Königsspringer 1 - DJK Auf"]
[Site "NRW-Klasse, Gruppe 2 2014/201"]
[Date "2015.01.11"]
[Round "5.6"]
[White "Hanisch, Bernd"]
[Black "Van Dooren, Dirk"]
[Result "0-1"]
[WhiteElo "1988"]
[BlackElo "2196"]
[PlyCount "68"]
[EventDate "2015.??.??"]
[WhiteTeam "Herforder SV Königsspringer 1"]
[BlackTeam "DJK Aufwärts Aachen 2"]

1. c4 g6 2. g3 Bg7 3. Bg2 f5 4. d4 Nf6 5. Nh3 Nc6 6. O-O O-O 7. b3 Nxd4 8. Bb2
Nc6 9. Nf4 e6 10. Nd2 d6 11. Rc1 Bd7 12. h4 e5 13. Nd5 e4 14. Nf4 Ng4 15. Bxg7
Kxg7 16. c5 e3 17. f3 exd2 18. Qxd2 Nge5 19. cxd6 cxd6 20. Qxd6 Qb6+ 21. Kh2
Rad8 22. Qa3 Bc8 23. Qb2 Qb4 24. Qc2 Qd2 25. Qb1 Qe3 26. Rc2 Rd4 27. Qb2 Rfd8
28. Rfc1 Kg8 29. Rc3 Rd2 30. Qa3 Qd4 31. b4 a6 32. Qb3+ Kg7 33. a3 Rd1 34. Rxd1
Qxd1 0-1

[Event "Herforder SV Königsspringer 1 - DJK Auf"]
[Site "NRW-Klasse, Gruppe 2 2014/201"]
[Date "2015.01.11"]
[Round "5.7"]
[White "Juegel, Marcel"]
[Black "Jackl, Christian"]
[Result "1-0"]
[WhiteElo "2162"]
[BlackElo "1718"]
[PlyCount "119"]
[EventDate "2015.??.??"]
[WhiteTeam "DJK Aufwärts Aachen 2"]
[BlackTeam "Herforder SV Königsspringer 1"]

1. d4 c6 2. Nf3 d5 3. c4 Nf6 4. e3 Bg4 5. Nc3 e6 6. Qb3 Qb6 7. Ne5 Qxb3 8. axb3
Bf5 9. c5 Nbd7 10. f4 Be7 11. b4 O-O 12. b5 Nxe5 13. fxe5 Ne4 14. bxc6 bxc6 15.
Ra6 Nxc3 16. bxc3 Rfc8 17. Be2 f6 18. exf6 Bxf6 19. O-O Rc7 20. e4 Bxe4 21. Bf4
Re7 22. Bd6 Rb7 23. Rfa1 Rb3 24. Rxc6 Rxc3 25. Be5 Bxe5 26. dxe5 d4 27. Rd6
Rxc5 28. Rxd4 Rxe5 29. Rxe4 Rxe4 30. Bf3 a5 31. Bxe4 Ra7 32. Kf2 a4 33. Ra3 g5
34. Ke3 Kg7 35. Bc2 Kf6 36. Ke4 Ra5 37. g4 Re5+ 38. Kf3 h6 39. Rxa4 Rc5 40. Bd3
Rd5 41. Ke3 Re5+ 42. Be4 Rb5 43. Ra6 Ke5 44. h3 Rb4 45. Ra5+ Kf6 46. Ra7 Ke5
47. Bd3 h5 48. Rg7 hxg4 49. Rxg5+ Kf6 50. Rg6+ Ke5 51. hxg4 Ra4 52. Rg8 Kf6 53.
Be4 Kf7 54. Rb8 Kf6 55. Rb5 Ra3+ 56. Kf4 Ra1 57. g5+ Kf7 58. Rb7+ Kf8 59. Ke5
Rg1 60. g6 1-0

[Event "Herforder SV Königsspringer 1 - DJK Auf"]
[Site "NRW-Klasse, Gruppe 2 2014/201"]
[Date "2015.01.11"]
[Round "5.8"]
[White "Kynast, Reinhard"]
[Black "Tochtenhagen, Wolfgang"]
[Result "0-1"]
[WhiteElo "1653"]
[BlackElo "2103"]
[PlyCount "68"]
[EventDate "2015.??.??"]
[WhiteTeam "Herforder SV Königsspringer 1"]
[BlackTeam "DJK Aufwärts Aachen 2"]

1. c4 g6 2. Nc3 Bg7 3. d4 d6 4. e4 Nc6 5. Be3 e5 6. d5 Nce7 7. Bd3 f5 8. Nf3
Nf6 9. h3 O-O 10. Qc2 a6 11. O-O h6 12. Nh2 f4 13. Bd2 g5 14. Be2 h5 15. Qd1
Qe8 16. Be1 Qg6 17. f3 Rf7 18. Bf2 Bf8 19. Kh1 Kh8 20. c5 Neg8 21. b4 Rh7 22.
cxd6 Bxd6 23. Bc5 g4 24. Rg1 Rg7 25. Qd3 Nh6 26. fxg4 hxg4 27. Rac1 Bd7 28. a3
Rag8 29. Bf1 gxh3 30. Rc2 Nh5 31. Nf3 Ng3+ 32. Kh2 Ng4+ 33. Kxh3 Qh5+ 34. Nh4
Qxh4+ 0-1

[Event "SK Königsspringer Iserlohn 1 - SF Kater"]
[Site "NRW-Klasse, Gruppe 2 2014/201"]
[Date "2015.01.11"]
[Round "5.1"]
[White "Hoolt, Sarah"]
[Black "Scheider, Julian"]
[Result "0-1"]
[WhiteElo "2291"]
[BlackElo "2283"]
[Annotator "Hausrath,Daniel"]
[PlyCount "92"]
[EventDate "2015.??.??"]
[WhiteTeam "SF Katernberg 2"]
[BlackTeam "SK Königsspringer Iserlohn 1"]

1. e4 c6 2. d4 d5 3. Nc3 dxe4 4. Nxe4 Bf5 5. Ng3 Bg6 6. Nh3 e6 7. Bc4 Nf6 8.
O-O Nbd7 9. f4 Nb6 10. Bb3 Qd7 11. a4 a5 12. Ng5 Be7 13. Qe2 Nbd5 14. Bd2 O-O
15. Rad1 Rfe8 16. c4 Nb4 17. Bxb4 axb4 18. c5 Nd5 19. N5e4 b6 20. cxb6 Nxb6 21.
Nc5 Bxc5 22. dxc5 Nd5 23. Qf2 Qe7 24. Bxd5 cxd5 25. f5 Bxf5 26. Nxf5 exf5 27.
Rxd5 g6 28. c6 Rxa4 29. Rd7 Qe6 30. Qb6 b3 31. Rd8 Rxd8 32. Qxd8+ Kg7 33. Qb6
$11 Rc4 34. Qxb3 Qxc6 35. Qe3 Qf6 36. Rf2 f4 37. Qd2 g5 38. h3 Rd4 39. Qc3 Rd1+
40. Rf1 Qxc3 41. bxc3 Rxf1+ 42. Kxf1 Kf6 43. Ke2 Ke5 44. Kd3 f5 45. c4 h5 46.
h4 g4 0-1

[Event "SK Königsspringer Iserlohn 1 - SF Kater"]
[Site "NRW-Klasse, Gruppe 2 2014/201"]
[Date "2015.01.11"]
[Round "5.2"]
[White "Schmuecker, Marcus"]
[Black "Rosen, Bernd"]
[Result "1-0"]
[WhiteElo "2184"]
[BlackElo "2277"]
[PlyCount "81"]
[EventDate "2015.??.??"]
[WhiteTeam "SK Königsspringer Iserlohn 1"]
[BlackTeam "SF Katernberg 2"]

1. d4 c5 2. d5 Nf6 3. c4 e5 4. Nc3 d6 5. e4 Nbd7 6. g3 g6 7. Bg2 Bg7 8. Bg5 h6
9. Be3 O-O 10. h3 Ne8 11. Qd2 Kh7 12. h4 a6 13. a4 Ndf6 14. f3 Qa5 15. g4 h5
16. g5 Ng8 17. Nd1 Qxd2+ 18. Bxd2 b6 19. Nh3 Bxh3 20. Bxh3 f6 21. Ra3 fxg5 22.
hxg5 Nc7 23. Ke2 b5 24. b4 a5 25. bxc5 b4 26. cxd6 Nxd5 27. exd5 bxa3 28. Nc3
e4 29. Nxe4 Rab8 30. Bc3 a2 31. Ra1 Bxc3 32. Nxc3 Rb2+ 33. Ke3 Rc2 34. Kd3 Rh2
35. Be6 Rxf3+ 36. Ke4 Rhf2 37. Rxa2 Rf4+ 38. Ke5 R2f3 39. d7 Rf8 40. Ne4 Kg7
41. d6 1-0

[Event "SK Königsspringer Iserlohn 1 - SF Kater"]
[Site "NRW-Klasse, Gruppe 2 2014/201"]
[Date "2015.01.11"]
[Round "5.3"]
[White "Valkyser, Martin"]
[Black "Kramps, Rene"]
[Result "0-1"]
[WhiteElo "2184"]
[BlackElo "2039"]
[Annotator "Hausrath,Daniel"]
[PlyCount "64"]
[EventDate "2015.??.??"]
[WhiteTeam "SF Katernberg 2"]
[BlackTeam "SK Königsspringer Iserlohn 1"]

1. d4 c5 2. d5 f5 3. Nc3 Nf6 4. e4 Nxe4 5. Nxe4 fxe4 6. Qh5+ g6 7. Qe5 Rg8 8.
Qxe4 Qa5+ 9. c3 d6 10. g4 Nd7 11. h3 Nf6 12. Qf3 Bg7 $11 13. Bd2 Rf8 14. Qg2
Qa4 15. Ne2 Qc2 16. Rc1 Qxb2 17. Nf4 Qxa2 18. c4 Bh6 19. Bd3 Bxf4 20. Bxf4 Nxg4
21. hxg4 Rxf4 22. Rxh7 Bxg4 23. Rh8+ Kd7 24. Rxa8 Qa5+ 25. Kf1 Qd2 26. Ra1
Qxd3+ 27. Kg1 Bh3 28. Qg3 Rg4 29. Qxg4+ Bxg4 30. R1xa7 Kc7 31. Re8 Qe4 32. Ra3
Bd7 0-1

[Event "SK Königsspringer Iserlohn 1 - SF Kater"]
[Site "NRW-Klasse, Gruppe 2 2014/201"]
[Date "2015.01.11"]
[Round "5.4"]
[White "Franke, Thomas"]
[Black "Wessendorf, Thomas"]
[Result "0-1"]
[WhiteElo "2076"]
[BlackElo "2198"]
[PlyCount "72"]
[EventDate "2015.??.??"]
[WhiteTeam "SK Königsspringer Iserlohn 1"]
[BlackTeam "SF Katernberg 2"]

1. d4 g6 2. g3 Bg7 3. Bg2 Nf6 4. Nf3 O-O 5. O-O d6 6. c4 Nc6 7. Nc3 Bg4 8. d5
Na5 9. Qd3 c5 10. b3 Bf5 11. Qd1 Ne4 12. Nxe4 Bxa1 13. Nh4 Bd7 14. Bd2 Bg7 15.
Qe1 b6 16. f4 Nb7 17. f5 b5 18. g4 a5 19. Qg3 Be8 20. f6 exf6 21. Bc3 b4 22.
Nxf6+ Kh8 23. Ba1 Bd7 24. g5 a4 25. Nxg6+ fxg6 26. Qh4 h5 27. gxh6 Bxf6 28.
Rxf6 Kh7 29. Be4 Rxf6 30. Bxf6 Qe8 31. Bd3 Qe3+ 32. Kg2 Bf5 33. Bg5 Qd4 34. Bf4
Re8 35. e3 Qxd3 36. Qf6 Qe4+ 0-1

[Event "SK Königsspringer Iserlohn 1 - SF Kater"]
[Site "NRW-Klasse, Gruppe 2 2014/201"]
[Date "2015.01.11"]
[Round "5.5"]
[White "Gassmann, Volker"]
[Black "Messarius, Juergen"]
[Result "1/2-1/2"]
[WhiteElo "2156"]
[BlackElo "2129"]
[PlyCount "82"]
[EventDate "2015.??.??"]
[WhiteTeam "SF Katernberg 2"]
[BlackTeam "SK Königsspringer Iserlohn 1"]

1. d4 d6 2. e4 Nf6 3. f3 c5 4. Ne2 g6 5. c4 Bg7 6. Nbc3 Nbd7 7. Be3 O-O 8. Qd2
a6 9. Rd1 Qc7 10. Ng3 cxd4 11. Bxd4 Ne5 12. b3 Be6 13. Be2 Rac8 14. O-O Nc6 15.
Be3 Qa5 16. Nd5 Qxd2 17. Rxd2 Bxd5 18. exd5 Ne5 19. Re1 h5 20. Bg5 Rfe8 21.
Rdd1 Nh7 22. Be3 f5 23. Bf1 a5 24. Ne2 a4 25. Nd4 axb3 26. axb3 Bf6 27. Nb5 Nf8
28. Bd4 Nfd7 29. f4 Ng4 30. h3 Bxd4+ 31. Nxd4 Ngf6 32. Ra1 Rb8 33. Bd3 Kf7 34.
Ra7 Nc5 35. Bc2 Na6 36. Re6 Nd7 37. g4 hxg4 38. hxg4 Ndc5 39. Re3 fxg4 40. Rg3
Nb4 41. Ra1 Ra8 1/2-1/2

[Event "SK Königsspringer Iserlohn 1 - SF Kater"]
[Site "NRW-Klasse, Gruppe 2 2014/201"]
[Date "2015.01.11"]
[Round "5.6"]
[White "Klauke, Stefan"]
[Black "Villwock, Martin"]
[Result "1-0"]
[WhiteElo "2090"]
[BlackElo "2151"]
[PlyCount "31"]
[EventDate "2015.??.??"]
[WhiteTeam "SK Königsspringer Iserlohn 1"]
[BlackTeam "SF Katernberg 2"]

1. e4 g6 2. d4 Bg7 3. Nc3 d6 4. f4 a6 5. Be3 b5 6. a3 Nd7 7. Be2 c5 8. dxc5
Nxc5 9. Bd4 e5 10. fxe5 Ne6 11. Nf3 Nxd4 12. Qxd4 dxe5 13. Qc5 Bb7 14. Nxb5 Qb8
15. Nc7+ Kd8 16. O-O-O+ 1-0

[Event "SK Königsspringer Iserlohn 1 - SF Kater"]
[Site "NRW-Klasse, Gruppe 2 2014/201"]
[Date "2015.01.11"]
[Round "5.7"]
[White "Kaeding, Rainer"]
[Black "Schwanbeck, Christoph"]
[Result "1-0"]
[WhiteElo "2129"]
[BlackElo "2018"]
[Annotator "Hausrath,Daniel"]
[PlyCount "111"]
[EventDate "2015.??.??"]
[WhiteTeam "SF Katernberg 2"]
[BlackTeam "SK Königsspringer Iserlohn 1"]

1. e4 d6 2. d4 Nf6 3. Nc3 e5 4. dxe5 dxe5 5. Qxd8+ Kxd8 6. Bc4 Be6 7. Bxe6 fxe6
8. f3 Bc5 9. Nh3 a6 10. Nd1 Nc6 11. c3 Ke7 12. Be3 Bd6 13. Ndf2 h6 14. Nd3 Rhf8
15. Ke2 b6 16. c4 Nd7 17. Rac1 Nd4+ 18. Bxd4 exd4 19. f4 c5 20. e5 Bb8 21. Nhf2
g5 22. g3 Bc7 23. h4 gxf4 24. gxf4 Rg8 25. Rhg1 Kf7 26. Ng4 Rh8 27. h5 Bd8 28.
Ngf2 Be7 29. Rg2 Rag8 30. Ng4 Rh7 31. Kf3 Rc8 32. Ke4 b5 33. b3 Nb6 34. Nb2 Nd7
$11 35. Nf2 Nb6 36. Rg6 Rg7 37. Rcg1 Rcg8 38. Rxg7+ Rxg7 39. Rxg7+ Kxg7 40. f5
exf5+ 41. Kxf5 Kf7 42. Ne4 Bf8 43. e6+ Ke8 44. Ke5 bxc4 45. bxc4 d3 46. Nxd3
Nxc4+ 47. Kf6 Nb6 48. Ndxc5 Nd5+ 49. Ke5 Nc7 50. Nd6+ Ke7 51. Nf5+ Ke8 52. Nd7
Ba3 53. Nf6+ Kf8 54. Nxh6 Bb2+ 55. Kf5 Kg7 56. Nhg4 1-0

[Event "SK Königsspringer Iserlohn 1 - SF Kater"]
[Site "NRW-Klasse, Gruppe 2 2014/201"]
[Date "2015.01.11"]
[Round "5.8"]
[White "Meinecke, Gerd"]
[Black "Schriewer, Thomas"]
[Result "1/2-1/2"]
[WhiteElo "1946"]
[BlackElo "2012"]
[PlyCount "84"]
[EventDate "2015.??.??"]
[WhiteTeam "SK Königsspringer Iserlohn 1"]
[BlackTeam "SF Katernberg 2"]

1. d4 d5 2. Bf4 Nf6 3. e3 Bf5 4. Nf3 c6 5. Bd3 Bxd3 6. Qxd3 Qb6 7. Qb3 Nbd7 8.
Nbd2 g6 9. O-O Bg7 10. Rfe1 Nh5 11. Bg3 Nxg3 12. hxg3 O-O 13. c3 Rfe8 14. e4 e6
15. Qc2 Rac8 16. Rac1 c5 17. dxc5 Nxc5 18. exd5 exd5 19. Rxe8+ Rxe8 20. Re1
Rxe1+ 21. Nxe1 Qe6 22. Kf1 Qa6+ 23. Kg1 Qxa2 24. Nf1 d4 25. Qe2 Ne6 26. c4 a5
27. Qc2 Nc5 28. Nd2 d3 29. Nxd3 Nxd3 30. Qxd3 Bxb2 31. Qd5 Qa1+ 32. Kh2 a4 33.
Qxb7 Qc1 34. Qd5 a3 35. Nb3 Qc3 36. c5 Qe5 37. Qd8+ Kg7 38. c6 Qh5+ 39. Kg1 Be5
40. f4 Bc7 41. Qxc7 Qd1+ 42. Kh2 Qh5+ 1/2-1/2